Najbardziej lubiane narody wg Polaków - Statystyki

Ogólne statystyki
  • Ten quiz został rozwiązany 43 razy
  • Średni wynik to 11 z 20
Statystyki odpowiedzi
Procent Naród % Poprawnych
33 Niemcy
92%
55 Hiszpanie
74%
60 Włosi
74%
58 Amerykanie
72%
54 Czesi
72%
30 Ukraińcy
72%
48 Słowacy
69%
8 Rosjanie
67%
42 Francuzi
64%
43 Litwini
64%
40 Węgrzy
62%
28 Chińczycy
59%
50 Anglicy
56%
20 Białorusini
56%
29 Turcy
44%
48 Norwegowie
36%
36 Estończycy
33%
26 Żydzi
31%
18 Romowie
15%
22 Palestyńczycy
5%
Nie znaleziono quizów pasujących do podanych kryteriów
Rozkład punktacji
Procent ludzi z każdym wynikiem
Percentyl według liczby udzielonych odpowiedzi
Twoja historia wyników
Nie rozwiązałeś tego quizu